000 00496nam a2200181Ia 4500
005 20250326125439.0
008 250326s9999 xx 000 0 und d
037 _aTextbook
040 _aFMSL
_beng
_cFMSL
041 _aeng
_2eng
084 _aY31:434 M4
_qFMSL
100 _aGhate P
_9739101
245 0 _aDirect attacks on rural poverty
_cGhate P
260 _aNew Delhi
_bNew Delhi, Concept
_c1984
300 _a597p
942 _cTB
_hY31:434 M4
999 _c1278102
_d1278102